000 00378nam a22001577a 4500
005 20200531102100.0
008 200531b xxu||||| |||| 00| 0 eng d
041 _aeng
082 _a340
100 _aBARE ACT
_95744
245 _aTHE FAMILY COURTS ACT, 1984 (66-1984)
260 _aDELHI
_bPROFESSIONAL BOOK PUBLISHERS
300 _a10;p
650 _aLAW
_95701
942 _cBK
999 _c6693
_d6691